00902nam a22002657a 4500999001500000001000600015003000900021005001700030008004100047020001800088020001500106040002800121082001800149100001700167245007100184250001200255260006400267300004700331504005100378650002700429650003300456700001900489942001200508952011600520 c6794d679420687BD-DhUAP20210107123356.0201223s20122007ii a b 000 0 eng  a9780198722533 a0198722532 aDLCcDLCdBD-DhUAPbeng00a519.5 DAV223 aDavis, Glyn. aBusiness statistics :busing Excel /cGlyn Davis and Branko Pecar. a2nd ed. aLondon :bOxford university press,cc2013 [Reprinted 2015]. axvii, 486 pages :billustrations ;c24 cm. aIncludes bibliographical references and index. aCommercial statistics. aBusiness--Computer programs. aPecar, Branko. 2ddccBK 00102ddc4070aUAPCLbDBASLcGeneral Stacksd2021-01-07o519.5 DAVp3010020687r2021-01-07t1w2021-01-07yBK